Social funds and reaching the poor: experiences and future directions (Record no. 76576)

MARC details
000 -LEADER
fixed length control field 01042nam a2200229 a 4500
008 - FIXED-LENGTH DATA ELEMENTS--GENERAL INFORMATION
fixed length control field 071019s1998 ||||||||||||||||| || u
020 ## - INTERNATIONAL STANDARD BOOK NUMBER
International Standard Book Number 0821342096
050 ## - LIBRARY OF CONGRESS CALL NUMBER
Classification number IBRD(06)LR/1998/6
100 ## - MAIN ENTRY--PERSONAL NAME
Personal name Bigio, Anthony G
245 10 - TITLE STATEMENT
Title Social funds and reaching the poor: experiences and future directions
Statement of responsibility, etc. edited by Anthony G. Bigio
246 ## -
-- the Latin American experience
260 ## - PUBLICATION, DISTRIBUTION, ETC.
Place of publication, distribution, etc. Washington, D.C.:
Name of publisher, distributor, etc. World Bank
Date of publication, distribution, etc. 1998
300 ## - PHYSICAL DESCRIPTION
Extent vii, 247p.
350 ## -
-- 0.00
490 ## -
-- EDI Learning Resources
650 ## - SUBJECT ADDED ENTRY--TOPICAL TERM
Topical term or geographic name entry element ECONOMIC DEVELOPMENT PROJECTS--CITIZEN PARTICIPATION--CONGRESSES
650 #0 - SUBJECT ADDED ENTRY--TOPICAL TERM
Topical term or geographic name entry element AFRICA--ECONOMIC CONDITIONS
650 ## - SUBJECT ADDED ENTRY--TOPICAL TERM
Topical term or geographic name entry element COMMUNITY DEVELOPMENT--CONGRESSES
710 ## - ADDED ENTRY--CORPORATE NAME
Corporate name or jurisdiction name as entry element World Bank
995 ## -
-- SPECIAL COLLECTIONS
-- 0.00
-- 027890
-- CBU-MAIN LIBRARY (Kitwe)
-- 1
-- 0.00
-- IBRD(06)LR/1998/6B
-- 2
-- AVAILABLE
-- Oct 26, 2007
-- 027890
-- International Publications
995 ## -
-- SPECIAL COLLECTIONS
-- 0.00
-- 023611
-- CBU-MAIN LIBRARY (Kitwe)
-- 1
-- 0.00
-- IBRD(06)LR/1998/6A
-- 1
-- AVAILABLE
-- Oct 19, 2007
-- 023611
-- International Publications
999 ## -
-- 76576
-- 76576
Holdings
Withdrawn status Lost status Source of classification or shelving scheme Damaged status Not for loan Permanent Location Current Location Shelving location Date acquired Total Checkouts Full call number Barcode Date last seen Copy number Price effective from Koha item type
          CBU-MAIN LIBRARY, KITWE. CBU-MAIN LIBRARY, KITWE.   04/25/2023   IBRD(06)LR/1998/6B 027890 04/25/2023 1 04/25/2023 SPECIAL COLLECTION
          CBU-MAIN LIBRARY, KITWE. CBU-MAIN LIBRARY, KITWE.   04/25/2023   IBRD(06)LR/1998/6A 023611 04/25/2023 2 04/25/2023 SPECIAL COLLECTION